Deficit atencional: estrategias para el diagnóstico y la intervención psicoeducativa

保存先:
書誌詳細
主要な著者: Condemarín Grimberg, Mabel (著者), Gorostegui, María Elena (著者)
その他の著者: Milicic Müller, Neva (autora)
フォーマット: 図書
言語:スペイン語
出版事項: Santiago Planeta Chilena 2005
版:4a. ed
シリーズ:Ariel Educación
主題:
タグ: タグ追加
タグなし, このレコードへの初めてのタグを付けませんか!

MARC

LEADER 00000nam a2200000 a 4500
001 UCI3095
003 CL-VaPUC
008 071012e20050000CL |||||||||||||||||spa|d
020 |a 9562473678 
082 0 4 |a 616.8582  |b CON  |2 21 
100 0 |a Condemarín Grimberg, Mabel  |e author  |9 524488 
700 0 |a Gorostegui, María Elena  |e author  |9 524489 
700 |a Milicic Müller, Neva  |e autora  |9 591309 
245 1 0 |a Deficit atencional: estrategias para el diagnóstico y la intervención psicoeducativa 
250 |a 4a. ed 
300 |a 255 p 
942 |c BK 
945 |d 20071012 00:00:00  |a rbrito 
260 |a Santiago  |b Planeta Chilena  |c 2005 
650 0 |a Trastornos del comportamiento  |9 311363 
650 7 |a TRASTORNO DE LA PERSONALIDAD  |2 CL-VaPUC  |9 524491 
650 0 |a Psicología del desarrollo  |9 307541 
650 0 |a Psicología del niño  |9 307305 
650 7 |a PSICOTERAPIA  |2 CL-VaPUC  |9 524492 
650 0 |a Psicología educacional   |9 307830 
583 |a last modification  |c 20071012 00:00:00  |k Rodrigo Vera 
490 0 |a Ariel Educación 
999 |c 327489  |d 327487 
952 |0 0  |1 0  |4 0  |6 616_858200000000000_CON_2005  |7 0  |8 A  |9 410349  |a BIBEDU  |b BIBEDU  |d 2019-11-22  |i 429503K  |o 616.8582 CON 2005  |p 429503K  |r 2019-11-22  |w 2019-11-22  |y BK  |k EDI 
952 |0 0  |1 0  |4 0  |6 616_858200000000000_CON_2005  |7 0  |8 A  |9 410350  |a BIBEDU  |b BIBEDU  |d 2019-11-22  |i 4480732  |o 616.8582 CON 2005  |p 4480732  |r 2019-11-22  |w 2019-11-22  |y BK  |k EBA